000 00851nam a22002417a 4500
005 20240530110340.0
008 141103s2010 UA gr 000 0dARA d
017 _a23046/2010
020 _a9789774209902
040 _aEG-CaGPL
082 0 4 _221
_a398.9\
_bع أ
100 0 _aعثمان الجوهرى
245 1 _aامثالنا فى الميزان /
_cعثمان الجوهرى
260 _aالقاهرة :
_bالهيئة المصرية العامة للكتاب ،
_c2010
300 _a305 ص ؛24 سم
650 0 4 _aالامثال العامية
650 0 4 _aالادب الشعبى العربى
650 0 4 _aالاهاجى والفكاهات
650 0 4 _aالامثال العربية
650 0 4 _aالامثال
_xشرح
942 _2ddc
_cBK
999 _c59867
_d59867